[Event "Standard chess knockout (30 days + 1d/m)"]
[Site "SchemingMind.com"]
[Date "2013.06.10"]
[Round "-"]
[White "kenneth m day"]
[Black "James Reed"]
[Result "1-0"]
[WhiteCountry "USA"]
[BlackCountry "ENG"]
[WhiteElo "1768"]
[WhiteRD "51"]
[BlackElo "1372"]
[BlackRD "64"]
[GameID "333008"]

1. e4 c5 2. d4 cxd4 3. c3 dxc3 4. Nxc3 e6 5. Nf3 Nc6 6. Bc4 d6 7. Bf4 Be7 8. O-O a6 9. Qe2 Nf6 10. Rfd1 Bd7
11. Bxd6 Bxd6 12. Rxd6 O-O 13. Rad1 Qc7 14. e5 Ng4 15. Rxd7 Rfd8 16. Rxc7 b5 17. Bd3 Rdc8 18. Rxc8+ Rxc8 19. Ng5 Ncxe5 20. Bxh7+ Kf8
21. h3 Nf6 22. Qxe5
1-0

[Event "Standard chess knockout (30 days + 1d/m)"]
[Site "SchemingMind.com"]
[Date "2013.06.11"]
[Round "-"]
[White "poisonpawn1"]
[Black "emvarela"]
[Result "0-1"]
[WhiteCountry "ENG"]
[BlackCountry "ARG"]
[WhiteElo "1327"]
[WhiteRD "71"]
[BlackElo "1767"]
[BlackRD "50"]
[GameID "333009"]

1. d4 Nf6 2. c4 e6 3. Nf3 Bb4+ 4. Bd2 a5 5. e3 b6 6. Nc3 O-O 7. Bd3 Bb7 8. a3 Bxc3 9. Bxc3 d5 10. O-O c5
11. Qc2 dxc4 12. Be2 cxd4 13. Bxd4 Nc6 14. Rad1 Nxd4 15. Rxd4 Qe7 16. Rfd1 Bd5 17. Bxc4 Bxf3 18. gxf3 Rfd8 19. Rxd8+ Rxd8 20. Rxd8+ Qxd8
21. Bd3 g6 22. Kf1 Qd6 23. Qc3 Nd5 24. Qc8+ Kg7 25. e4 Nf4 26. Qc3+ e5
0-1

[Event "Standard chess knockout (30 days + 1d/m)"]
[Site "SchemingMind.com"]
[Date "2013.06.10"]
[Round "-"]
[White "James Reed"]
[Black "kenneth m day"]
[Result "0-1"]
[WhiteCountry "ENG"]
[BlackCountry "USA"]
[WhiteElo "1372"]
[WhiteRD "64"]
[BlackElo "1768"]
[BlackRD "51"]
[GameID "333014"]

1. e4 e5 2. Nf3 Nc6 3. Bb5 f5 4. Nc3 fxe4 5. Ng1 Nf6 6. h3 Bc5 7. Bxc6 bxc6 8. Nge2 O-O 9. O-O d5 10. d4 exd4
11. Nxd4 Qe8 12. Re1 Bd7 13. Be3 Qg6 14. Kf1 Nh5 15. Qe2 Ng3+ 16. Kg1 Nxe2+ 17. Rxe2 Bxh3 18. g3 Bxd4 19. Bxd4 Qh5 20. a3 Qf3
21. Ree1 Qg2#
0-1

[Event "Standard chess knockout (30 days + 1d/m)"]
[Site "SchemingMind.com"]
[Date "2013.06.12"]
[Round "-"]
[White "emvarela"]
[Black "poisonpawn1"]
[Result "1-0"]
[WhiteCountry "ARG"]
[BlackCountry "ENG"]
[WhiteElo "1767"]
[WhiteRD "50"]
[BlackElo "1327"]
[BlackRD "71"]
[GameID "333015"]

1. e4 d6 2. d4 g6 3. Nc3 Bg7 4. f4 Nf6 5. Nf3 Bg4 6. Be2 O-O 7. h3 Bd7 8. Be3 e6 9. Qd2 Nc6 10. O-O-O Qe7
11. e5 Ne8 12. exd6 Nxd6 13. Ne5 Rad8 14. Nxd7 Rxd7 15. d5 Bxc3 16. Qxc3 Nd8 17. dxe6 Qxe6 18. Bf3 Qxa2 19. b3 Nb5 20. Qb2 Qxb2+
21. Kxb2 Re7 22. Bc5 Nd6 23. Bxd6 cxd6 24. Rxd6 Ne6 25. g3 Rfe8 26. Rhd1
1-0

[Event "Standard chess knockout (30 days + 1d/m)"]
[Site "SchemingMind.com"]
[Date "2013.06.18"]
[Round "-"]
[White "grantcooper"]
[Black "erobeno"]
[Result "0-1"]
[WhiteCountry "GBR"]
[BlackCountry "TUR"]
[WhiteElo "1650"]
[WhiteRD "108"]
[BlackElo "1977"]
[BlackRD "62"]
[GameID "333136"]

1. e4 c5 2. c3 d5 3. e5 Nc6 4. Nf3 Bg4 5. Be2 Bxf3 6. Bxf3 Nxe5 7. d4 Nxf3+ 8. Qxf3 cxd4 9. cxd4 Qa5+ 10. Nc3 e6
11. O-O g6 12. Rd1 Bg7 13. a3 Rc8 14. Bf4 Nh6 15. Rac1 O-O 16. g3 Qb6 17. b4 Nf5 18. Be5 Nxd4 19. Qf4 Bxe5 20. Qe3 Bg7
21. Ne2 Bh6
0-1

[Event "Standard chess knockout (30 days + 1d/m)"]
[Site "SchemingMind.com"]
[Date "2013.06.13"]
[Round "-"]
[White "erobeno"]
[Black "grantcooper"]
[Result "1-0"]
[WhiteCountry "TUR"]
[BlackCountry "GBR"]
[WhiteElo "1977"]
[WhiteRD "62"]
[BlackElo "1650"]
[BlackRD "108"]
[GameID "333141"]

1. e4 c5 2. Nf3 d6 3. Nc3 e5 4. Bc4 Nf6 5. d3 Bg4 6. O-O Nc6 7. h3 Bh5 8. g4 Bg6 9. Be3 a6 10. a3 Be7
11. Nh4 b5 12. Bb3 Nxg4 13. Nxg6 Nxe3 14. Qf3 Bf6 15. Nxh8 Nxf1 16. Kxf1 Ra7 17. Qh5 h6 18. Nxf7 Qe7 19. Nd5
1-0

[Event "Standard chess knockout (30 days + 1d/m)"]
[Site "SchemingMind.com"]
[Date "2013.06.16"]
[Round "-"]
[White "Phillip Beckett"]
[Black "mtnewk"]
[Result "1/2-1/2"]
[WhiteCountry "ENG"]
[BlackCountry "USA"]
[WhiteElo "1553"]
[WhiteRD "51"]
[BlackElo "1591"]
[BlackRD "78"]
[GameID "333187"]

1. d4 Nf6 2. e3 d5 3. Nd2 e6 4. Bd3 Bd6 5. f4 Nc6 6. c3 O-O 7. Ngf3 Ng4 8. Qe2 f5 9. O-O Nf6 10. Ne5 Bxe5
11. fxe5 Ne4 12. Nxe4 fxe4 13. Bc2 Bd7 14. Bd2 Qg5 15. Rxf8+ Rxf8 16. Rf1 Rxf1+ 17. Qxf1 Ne7 18. Qf2 Qf5 19. Be1 Qxf2+ 20. Bxf2 Ng6
21. Bd1 c6 22. Bh5 Be8 23. Bxg6 Bxg6 24. Bg3= Kf7 25. Kf2=
1/2-1/2

[Event "Standard chess knockout (30 days + 1d/m)"]
[Site "SchemingMind.com"]
[Date "2013.06.14"]
[Round "-"]
[White "Scooter"]
[Black "ray winteringham"]
[Result "1-0"]
[WhiteCountry "USA"]
[BlackCountry "ENG"]
[WhiteElo "1740"]
[WhiteRD "49"]
[BlackElo "1539"]
[BlackRD "50"]
[GameID "333188"]

1. d4 d5 2. Nf3 g6 3. Bf4 Bg7 4. e3 Bg4 5. Be2 Nf6 6. h3 Bh5 7. g4 Bxg4 8. hxg4 Nxg4 9. Nh2 Nf6 10. Nc3 Qd7
11. Qd3 Qh3 12. O-O-O Nc6 13. Bxc7 O-O 14. Nf3 Qd7 15. Be5 Ng4 16. Bxg7 Kxg7 17. Ng5 Nxf2 18. Rxh7+ Kf6 19. Rf1 Nb4 20. Rxf2+ Kxg5
21. Qd2 f5 22. e4+ Kf6 23. e5+ Ke6 24. Qg5 Rg8 25. a3 Nc6 26. Na4 b6 27. Bb5 Rac8 28. Rh6 Kf7 29. Re2 Qe6 30. Nc3 Nxd4
31. Re3 Kg7 32. Ba6 Rc5 33. b4 Rc6 34. Bb7 Rxc3 35. Bxd5 Qxd5 36. Rxc3 Ne2+ 37. Kb2 Nxc3 38. Rxg6+ Kf8 39. Qxf5+ Qf7 40. Qc8+ Qe8
41. Rxg8+
1-0

[Event "Standard chess knockout (30 days + 1d/m)"]
[Site "SchemingMind.com"]
[Date "2013.06.14"]
[Round "-"]
[White "Iucounu"]
[Black "Aba"]
[Result "0-1"]
[WhiteCountry "ENG"]
[BlackCountry "ISR"]
[WhiteElo "1487"]
[WhiteRD "50"]
[BlackElo "1663"]
[BlackRD "164"]
[GameID "333189"]

1. e4 e5 2. Nf3 Nc6 3. Bb5 f5 4. Nc3 Nf6 5. exf5 a6 6. Bxc6 dxc6 7. Nxe5 Bxf5 8. O-O Bd6 9. Re1 O-O 10. Nc4 h5
11. d3 Ng4 12. h3 Bh2+ 13. Kf1 Bxd3+ 14. Re2 Bxe2+ 15. Qxe2 Rxf2+
0-1

[Event "Standard chess knockout (30 days + 1d/m)"]
[Site "SchemingMind.com"]
[Date "2013.06.14"]
[Round "-"]
[White "Savage72"]
[Black "KBChess"]
[Result "1/2-1/2"]
[WhiteCountry "NED"]
[BlackCountry "USA"]
[WhiteElo "1687"]
[WhiteRD "71"]
[BlackElo "1825"]
[BlackRD "151"]
[GameID "333190"]

1. e4 e6 2. d4 d5 3. Nd2 dxe4 4. Nxe4 Nd7 5. Nf3 Ngf6 6. Bd3 c5 7. dxc5 Nxc5 8. Nxf6+ Qxf6 9. Bb5+ Bd7 10. Bxd7+ Nxd7
11. O-O Ne5 12. Nxe5 Qxe5 13. Re1 Qc7 14. c3 Be7 15. Qa4+ Qd7 16. Qxd7+ Kxd7 17. Be3 Rhd8 18. Rad1+ Kc6 19. Kf1 a6 20. Ke2 Rxd1
21. Rxd1 Rd8 22. Rxd8=
1/2-1/2

[Event "Standard chess knockout (30 days + 1d/m)"]
[Site "SchemingMind.com"]
[Date "2013.06.16"]
[Round "-"]
[White "mtnewk"]
[Black "Phillip Beckett"]
[Result "1/2-1/2"]
[WhiteCountry "USA"]
[BlackCountry "ENG"]
[WhiteElo "1591"]
[WhiteRD "78"]
[BlackElo "1553"]
[BlackRD "51"]
[GameID "333195"]

1. d4 d5 2. c4 e6 3. e3 Nf6 4. Nc3 Be7 5. Bd3 dxc4 6. Bxc4 O-O 7. Nf3 Nbd7 8. O-O c5 9. a3 cxd4 10. Nxd4 Nb6
11. Ba2 Bd7 12. Qe2 Nbd5 13. Bxd5 Nxd5 14. Rd1 Rc8 15. Nxd5 exd5 16. Bd2 Ba4 17. Rdc1 Rxc1+ 18. Rxc1 Qd7 19. Qd3 Bf6 20. Bc3 Rc8
21. Qd2 a6 22. b3 Bc6 23. Nxc6 Bxc3 24. Rxc3 Rxc6 25. h3 Rxc3 26. Qxc3 Qc6 27. Qxc6 bxc6 28. Kf1 Kf8 29. Ke2 Ke7 30. Kd3 Kd6
31. b4 f5 32. f4 h5 33. h4 g6=
1/2-1/2

[Event "Standard chess knockout (30 days + 1d/m)"]
[Site "SchemingMind.com"]
[Date "2013.06.14"]
[Round "-"]
[White "ray winteringham"]
[Black "Scooter"]
[Result "0-1"]
[WhiteCountry "ENG"]
[BlackCountry "USA"]
[WhiteElo "1539"]
[WhiteRD "50"]
[BlackElo "1740"]
[BlackRD "49"]
[GameID "333196"]

1. e4 c6 2. g3 d5 3. Bg2 dxe4 4. Bxe4 Nf6 5. Bg2 g6 6. Nf3 Bg7 7. d3 O-O 8. O-O Nbd7 9. Be3 e6 10. c4 b6
11. b4 Bb7 12. a4 Ng4 13. h3 Nxe3 14. fxe3 Bxa1 15. Na3 Bg7 16. Nd2 Qc7 17. Rf3 a6 18. Nc2 c5 19. Rf2 Qxg3
0-1

[Event "Standard chess knockout (30 days + 1d/m)"]
[Site "SchemingMind.com"]
[Date "2013.06.14"]
[Round "-"]
[White "Aba"]
[Black "Iucounu"]
[Result "1-0"]
[WhiteCountry "ISR"]
[BlackCountry "ENG"]
[WhiteElo "1663"]
[WhiteRD "164"]
[BlackElo "1487"]
[BlackRD "50"]
[GameID "333197"]

1. e4 e5 2. Nf3 Nc6 3. Bc4 Nf6 4. Ng5 d5 5. exd5 Na5 6. d3 h6 7. Nf3 e4 8. Qe2 Nxc4 9. dxc4 Bc5 10. Nbd2 Bg4
11. Nxe4 Be7 12. Bf4 Nxe4 13. Qxe4 Bxf3 14. Qxf3 O-O 15. O-O-O Bd6 16. Rhe1 Bxf4+ 17. Qxf4 Qd6 18. Qxd6 cxd6 19. Re7 b6 20. Rd7 Rfe8
21. Rxd6 Re2 22. Rc6 Rd8 23. d6 Re6 24. b4 Rd7 25. c5 bxc5 26. bxc5 f5 27. Ra6 Kf7 28. c6 Rdxd6 29. Rxd6 Rxd6 30. c7
1-0

[Event "Standard chess knockout (30 days + 1d/m)"]
[Site "SchemingMind.com"]
[Date "2013.06.14"]
[Round "-"]
[White "KBChess"]
[Black "Savage72"]
[Result "1-0"]
[WhiteCountry "USA"]
[BlackCountry "NED"]
[WhiteElo "1825"]
[WhiteRD "151"]
[BlackElo "1687"]
[BlackRD "71"]
[GameID "333198"]

1. d4 d6 2. e4 Nf6 3. Nc3 Nbd7 4. f4 e5 5. Nf3 exd4 6. Qxd4 c6 7. Be3 d5 8. exd5 Bc5 9. Qd3 O-O 10. dxc6 Re8
11. Ne5 Bxe3 12. cxd7 Bxf4 13. dxe8=Q+ Qxe8 14. Be2 Bxe5 15. O-O-O Be6 16. Bf3 Rb8 17. Qe3
1-0

[Event "Standard chess knockout (30 days + 1d/m)"]
[Site "SchemingMind.com"]
[Date "2013.07.18"]
[Round "-"]
[White "Aba"]
[Black "Scooter"]
[Result "1-0"]
[WhiteCountry "ISR"]
[BlackCountry "USA"]
[WhiteElo "1854"]
[WhiteRD "98"]
[BlackElo "1747"]
[BlackRD "50"]
[GameID "334604"]

1. e4 c6 2. d4 d5 3. e5 Bf5 4. Nf3 e6 5. Be2 Nd7 6. Bd2 h6 7. c4 Ne7 8. Nc3 Qc7 9. c5 O-O-O 10. b4 Bg4
11. a4 Nf5 12. Bc1 Bxf3 13. Bxf3 a5 14. b5 Be7 15. g3 h5 16. Be2 Nxd4 17. Qxd4 Bxc5 18. Qf4 Nxe5 19. bxc6 bxc6 20. O-O Bd6
21. Qe3 Bb4 22. Nb1 Ng4 23. Bxg4 hxg4 24. Qg5 f5 25. Bd2 Bxd2 26. Nxd2 Rh6 27. Kg2 Rdh8 28. Rh1 g6 29. Qf6 e5 30. Qg5 Qh7
31. Nf1 Kd7 32. Rb1 Kd6 33. Qd2 Qa7 34. Qb2 g5 35. Ne3 Ke6 36. Qb6 Qxb6 37. Rxb6 Rc8 38. Rc1 Kd7 39. Nxf5 Rf6 40. Ne3
1-0

[Event "Standard chess knockout (30 days + 1d/m)"]
[Site "SchemingMind.com"]
[Date "2013.07.17"]
[Round "-"]
[White "Scooter"]
[Black "Aba"]
[Result "0-1"]
[WhiteCountry "USA"]
[BlackCountry "ISR"]
[WhiteElo "1747"]
[WhiteRD "50"]
[BlackElo "1854"]
[BlackRD "98"]
[GameID "334608"]

1. d4 e6 2. Nf3 Nf6 3. Bg5 d5 4. e3 h6 5. Bh4 c5 6. c3 c4 7. Be2 g5 8. Bg3 Nc6 9. Ne5 Ne4 10. O-O Nxe5
11. Bxe5 f6 12. Bg3 Nxg3 13. fxg3 Qe7 14. Bh5+ Kd8 15. Qf3 Bg7 16. Nd2 Rf8 17. e4 dxe4 18. Qxe4 f5 19. Qe2 b5 20. Nf3 g4
21. Nh4 Qg5 22. Bg6 Rf6 23. Rae1 Rxg6 24. Nxg6 Qxg6 25. b3 Ba6 26. Qxe6 Qxe6 27. Rxe6 Bc8 28. Rg6 Bf8 29. Re1 Bd7 30. Re5 Kc7
31. Rg8 cxb3 32. axb3 a5 33. Rc5+ Kb6 34. Rd5 Kc6 35. Re5 a4 36. bxa4 bxa4 37. Re1 a3 38. Ra1 Kd5
0-1

[Event "Standard chess knockout (30 days + 1d/m)"]
[Site "SchemingMind.com"]
[Date "2013.07.21"]
[Round "-"]
[White "KBChess"]
[Black "kenneth m day"]
[Result "0-1"]
[WhiteCountry "USA"]
[BlackCountry "USA"]
[WhiteElo "1925"]
[WhiteRD "110"]
[BlackElo "1771"]
[BlackRD "54"]
[GameID "335208"]

1. d4 Nf6 2. c4 e6 3. g3 d5 4. Nf3 dxc4 5. Bg2 Nc6 6. Qa4 Bb4+ 7. Bd2 Nd5 8. Bxb4 Nxb4 9. O-O Bd7 10. Ne5 Qe7
11. Nxd7 Qxd7 12. Nc3 O-O-O 13. e3 Nd5 14. Qxc4 Rhe8 15. Rac1 a6 16. Na4 b5 17. Qxc6 Qxc6 18. Rxc6 bxa4 19. Rxa6 Kd7 20. Rxa4 Ra8
21. Rxa8 Rxa8 22. Bxd5 exd5
0-1

[Event "Standard chess knockout (30 days + 1d/m)"]
[Site "SchemingMind.com"]
[Date "2013.07.22"]
[Round "-"]
[White "kenneth m day"]
[Black "KBChess"]
[Result "1-0"]
[WhiteCountry "USA"]
[BlackCountry "USA"]
[WhiteElo "1771"]
[WhiteRD "54"]
[BlackElo "1925"]
[BlackRD "110"]
[GameID "335210"]

1. e4 c5 2. d4 cxd4 3. c3 dxc3 4. Nxc3 e6 5. Nf3 a6 6. Bf4 Nc6 7. Bd3 d6 8. O-O Be7 9. Qe2 e5 10. Be3 Nf6
11. Rac1 Be6 12. Rfd1 O-O 13. Ng5 Bg4 14. f3 Bd7 15. Bc4 h6 16. Nh3 Bxh3 17. gxh3 Nh5 18. Nd5 Bg5 19. Kh1 Bxe3 20. Qxe3 Nd4
21. Rg1 Kh8 22. Qf2 b5 23. Be2
1-0

[Event "Standard chess knockout (30 days + 1d/m)"]
[Site "SchemingMind.com"]
[Date "2013.08.02"]
[Round "-"]
[White "Clive Everill"]
[Black "erobeno"]
[Result "0-1"]
[WhiteCountry "CZE"]
[BlackCountry "TUR"]
[WhiteElo "1720"]
[WhiteRD "54"]
[BlackElo "2032"]
[BlackRD "60"]
[GameID "336016"]

1. Nf3 Nf6 2. g3 Nc6 3. Bg2 e5 4. d4 exd4 5. Nxd4 Nxd4 6. Qxd4 Be7 7. O-O O-O 8. Nc3 c6 9. b3 d5 10. Bb2 Re8
11. e3 b5 12. Ne2 Qc7 13. Rfe1 Bd6 14. f4 Bf5 15. Rac1 c5 16. Qd2 Qd8 17. Nc3 Bc7 18. Nxb5 Ba5 19. c3 Rb8 20. Na3 Bg4
21. Qc2 g6 22. e4 dxe4 23. Bxe4 Rxe4 24. Rxe4 Bf5 25. Nc4 Bxe4 26. Qf2 Ba8 27. Nxa5 Qxa5 28. Ba1 Ng4 29. Qe2 c4 30. Qxg4 Qd5
31. Rc2 Qh1+ 32. Kf2 Qg2+ 33. Ke3 Re8+ 34. Kd4 Qd5#
0-1

[Event "Standard chess knockout (30 days + 1d/m)"]
[Site "SchemingMind.com"]
[Date "2013.08.02"]
[Round "-"]
[White "erobeno"]
[Black "Clive Everill"]
[Result "1-0"]
[WhiteCountry "TUR"]
[BlackCountry "CZE"]
[WhiteElo "2032"]
[WhiteRD "60"]
[BlackElo "1720"]
[BlackRD "54"]
[GameID "336022"]

1. e4 d5 2. exd5 Qxd5 3. Nf3 g6 4. d4 Nf6 5. c4 Qd8 6. g3 Bg7 7. Bg2 c6 8. O-O O-O 9. Nc3 Bg4 10. Re1 Nbd7
11. Qb3 Nb6 12. c5 Be6 13. Rxe6 fxe6 14. Qxe6+ Kh8 15. cxb6 axb6 16. Ne5 Rc8 17. Nf7+ Rxf7 18. Qxf7 Qxd4 19. Qxe7 Re8 20. Be3 Qc4
21. Qxb7 c5 22. Qxb6 Nd7 23. Qc7 Ne5 24. Rd1 Bf6 25. Rd6 Ng4 26. Bd5 Qb4 27. Rd7 Bxc3 28. Rxh7#
1-0

[Event "Standard chess knockout (30 days + 1d/m)"]
[Site "SchemingMind.com"]
[Date "2013.09.30"]
[Round "-"]
[White "kenneth m day"]
[Black "Aba"]
[Result "0-1"]
[WhiteCountry "USA"]
[BlackCountry "ISR"]
[WhiteElo "1758"]
[WhiteRD "53"]
[BlackElo "1848"]
[BlackRD "90"]
[GameID "339173"]

1. e4 e5 2. f4 exf4 3. Nf3 g5 4. h4 g4 5. Ne5 d6 6. Nxg4 Be7 7. d4 Bxh4+ 8. Nf2 Nf6 9. Nc3 Ng4 10. Bxf4 Nxf2
11. Qh5 Nxh1+ 12. Kd2 Qf6 13. Be3 Ng3 14. Qb5+ c6 15. Qd3 Bg4
0-1

[Event "Standard chess knockout (30 days + 1d/m)"]
[Site "SchemingMind.com"]
[Date "2013.09.30"]
[Round "-"]
[White "Aba"]
[Black "kenneth m day"]
[Result "1-0"]
[WhiteCountry "ISR"]
[BlackCountry "USA"]
[WhiteElo "1853"]
[WhiteRD "80"]
[BlackElo "1785"]
[BlackRD "53"]
[GameID "339176"]

1. e4 e5 2. Nf3 Nc6 3. Bb5 f5 4. Nc3 fxe4 5. Nxe4 Nf6 6. Qe2 d5 7. Nxf6+ gxf6 8. d4 Bg7 9. dxe5 O-O 10. O-O Qe7
11. exf6 Qxf6 12. c3 Bd7 13. Bg5 Qf7 14. a4 Rae8 15. Qc2 Bf5 16. Qd2 Bd7 17. Rae1 a6 18. Bd3 Kh8 19. h3 Bf5 20. b4 Rg8
21. Rxe8 Rxe8 22. Be3 Be4 23. Bxe4 Rxe4 24. Ng5 Qf5 25. Nxe4 Qxe4 26. Re1 Qc4 27. Bh6 Bxh6 28. Qxh6
1-0

[Event "Standard chess knockout (30 days + 1d/m)"]
[Site "SchemingMind.com"]
[Date "2013.10.12"]
[Round "-"]
[White "mtnewk"]
[Black "emvarela"]
[Result "0-1"]
[WhiteCountry "USA"]
[BlackCountry "ARG"]
[WhiteElo "1552"]
[WhiteRD "91"]
[BlackElo "1674"]
[BlackRD "46"]
[GameID "339728"]

1. d4 Nf6 2. c4 e6 3. Nf3 Bb4+ 4. Nc3 O-O 5. Bg5 c5 6. e3 cxd4 7. exd4 h6 8. Bh4 d5 9. a3 Kh7 10. Bd3+ g6
11. axb4 dxc4 12. Bxc4 Nbd7 13. O-O Qc7 14. Bb3 Ng8 15. Bg3 Qc6 16. Qd3 Ndf6 17. Ne5 Qe8 18. Rfc1 Ne7 19. Qb5 Qxb5 20. Nxb5 Nfd5
21. Bxd5 Nxd5 22. Nd3 a6 23. Nc3 Nxc3 24. bxc3 Bd7 25. f3 f6 26. Nc5 Bc6 27. Nxe6 Rf7 28. Rd1 Re8 29. Nc5 Re3 30. Rdc1 f5
31. Bf2 Ree7 32. Re1 Kg7 33. Kf1 g5 34. Ra2 Rxe1+ 35. Bxe1 Re7 36. Re2 Bb5 37. Kf2 Rxe2+ 38. Kf1 Re3+ 39. Kf2 Re2+ 40. Kf1= Re7+
41. Kf2 b6 42. Nb3 Re2+ 43. Kf1 Rb2+ 44. Kg1 Rxb3
0-1

[Event "Standard chess knockout (30 days + 1d/m)"]
[Site "SchemingMind.com"]
[Date "2013.10.12"]
[Round "-"]
[White "emvarela"]
[Black "mtnewk"]
[Result "1-0"]
[WhiteCountry "ARG"]
[BlackCountry "USA"]
[WhiteElo "1674"]
[WhiteRD "46"]
[BlackElo "1552"]
[BlackRD "91"]
[GameID "339732"]

1. e4 c5 2. Nf3 Nc6 3. d4 cxd4 4. Nxd4 g6 5. Nc3 a6 6. Be3 Bg7 7. Qd2 Nf6 8. f3 O-O 9. O-O-O d6 10. g4 Ne5
11. Be2 Nfd7 12. f4 Nc6 13. Nxc6 bxc6 14. f5 Ne5 15. h3 Qc7 16. fxg6 fxg6 17. Bh6 Bxh6 18. Qxh6 Be6 19. Rhf1 Nf7 20. Qe3 Qa7
21. Qxa7 Rxa7 22. b3 Ne5 23. Rxf8+ Kxf8 24. Rf1+ Kg7 25. Bd3 Nxd3+ 26. cxd3 Ra8 27. d4 Rf8 28. Rxf8 Kxf8 29. d5 cxd5 30. exd5 Bc8
31. Kd2 Kf7 32. Ke3 Kf6 33. Kf4 Bd7 34. a4 Be8 35. Ne4+ Kg7 36. Ng5 h6 37. Ne6+ Kf6 38. g5+ hxg5+ 39. Nxg5 Bf7 40. Nxf7 Kxf7
41. b4
1-0